Тематические указатели литературы. Вып.155: Плазменно-дуговое напыление порошковых материалов на детали электровакуумных приборов (Запись № 1924060)

Подробности
000 -МАРКЕР
контрольное поле 02078nam2a22002771 4500
001 - ИДЕНТИФИКАТОР ЗАПИСИ
контрольное поле RU\NLR\INFOCOMM_29\5000104646
005 - ИДЕНТИФИКАТОР ВЕРСИИ
контрольное поле 20250617145200.0
035 ## - ДРУГИЕ СИСТЕМНЫЕ НОМЕРА
Идентификатор записи (NLR Aleph) 002726737
100 ## - ДАННЫЕ ОБЩЕЙ ОБРАБОТКИ
Данные общей обработки 20050203d1976 |||y0rusy50 ca
101 0# - ЯЗЫК РЕСУРСА
Язык текста, звукозаписи и т.д. русский
102 ## - СТРАНА ПУБЛИКАЦИИ ИЛИ ПРОИЗВОДСТВА
Страна публикации российская федерация
105 ## - ПОЛЕ КОДИРОВАННЫХ ДАННЫХ: ТЕКСТОВЫЕ МАТЕРИАЛЫ, МОНОГРАФИЧЕСКИЕ
Кодированные данные о монографическом текстовом документе y ||||000|y
200 1# - ЗАГЛАВИЕ И СВЕДЕНИЯ ОБ ОТВЕТСТВЕННОСТИ
Основное заглавие Плазменно-дуговое напыление порошковых материалов на детали электровакуумных приборов
Первые сведения об ответственности В.М. Скрылева
210 ## - ПУБЛИКАЦИЯ, РАСПРОСТРАНЕНИЕ И ДР.
Дата издания, распространения и т.д. 1976
Место издания, распространения и т.д. Б. м.
225 1# - СЕРИЯ
Основное заглавие серии ...
Обозначение тома Вып.155
Наименование части ...
Обозначение тома 1976, Вып.2
461 #0 - УРОВЕНЬ НАБОРА
Встроенное поле 001RU\NLR\INFOCOMM29\5000103559
-- 2001#$aТематические указатели литературы$fМ-во электронной пром-сти СССР. Ин-т "Электроника"$vВып.155
Системный номер (АБИС) связанной записи 1907610
Автор "Электроника", институт (Москва)
Место публикации М.
Дата публикации 1962-1983
Первые сведения об ответственности М-во электронной пром-сти СССР. Ин-т "Электроника"
Заглавие Тематические указатели литературы
Номер тома Вып.155
462 #0 - УРОВЕНЬ ПОДНАБОРА
Встроенное поле 001RU\NLR\INFOCOMM29\5000104283
-- 2001#$aТематические указатели литературы ...$iСерия: Технология, организация производства и оборудование$fМ-во электронной пром-сти СССР. ЦНИИ "Электроника"$v1976, Вып.2
Системный номер (АБИС) связанной записи 1923274
Автор "Электроника", институт (Москва)
Место публикации М.
Дата публикации 1970-1983
Первые сведения об ответственности М-во электронной пром-сти СССР. ЦНИИ "Электроника"
Заглавие части Серия: Технология, организация производства и оборудование
Заглавие Тематические указатели литературы. - Тематические указатели литературы ...
Номер тома 1976, Вып.2
700 #1 - ИМЯ ЛИЦА - ПЕРВИЧНАЯ ОТВЕТСТВЕННОСТЬ
Начальный элемент ввода Скрылева
Часть имени, кроме начального элемента ввода В.М.
Код отношения Автор
801 #1 - ИСТОЧНИК ЗАПИСИ
Страна российская федерация
Организация InfoComm
Дата составления 20050203
801 #0 - ИСТОЧНИК ЗАПИСИ
Страна российская федерация
Организация NLR
Правила каталогизации PSBO
852 ## - МЕСТОНАХОЖДЕНИЕ И ШИФР ХРАНЕНИЯ
Идентификатор организации NLR
Наименование фонда или коллекции (Sub-Location Identifier) С
Шифр хранения (Call Number) П-1/303
942 ## - ДОПОЛНИТЕЛЬНЫЕ ЭЛЕМЕНТЫ ЗАПИСИ (АБИС)
Тип экземпляра АБИС Выпуск
980 ## - КОЛЛЕКЦИЯ
Название коллекции Национальная библиография
980 ## - КОЛЛЕКЦИЯ
Название коллекции Русская периодика

Нет доступных экземпляров.